Précis de comptabilité SYSCOA : réglementations juridique, comptable et fiscale (Record no. 43273)

MARC details
000 -LEADER
fixed length control field 00652 a2200265 4500
037 ## - SOURCE OF ACQUISITION
Source of stock number/acquisition 1, Achat
037 ## - SOURCE OF ACQUISITION
Stock number DE 9668
020 ## - NUMERO INTERNATIONAL NORMALISE DES LIVRES
International Standard Book Number 2-86-394132-1
100 ## - VEDETTE PRINCIPALE - NOM DE PERSONNE
Personal name Edi, René
100 ## - VEDETTE PRINCIPALE - NOM DE PERSONNE
Language of a work Fr
260 ## - PUBLICATION, DISTRIBUTION, ETC. (IMPRINT)
Place of publication, distribution, etc Abidjan
260 ## - PUBLICATION, DISTRIBUTION, ETC. (IMPRINT)
Name of publisher, distributor, etc Editions EDI
245 ## - TITLE STATEMENT
Title Précis de comptabilité SYSCOA : réglementations juridique, comptable et fiscale
260 ## - PUBLICATION, DISTRIBUTION, ETC. (IMPRINT)
Date of publication, distribution, etc 1998
250 ## - EDITION STATEMENT
Edition statement 4e éd.
300 ## - PHYSICAL DESCRIPTION
Extent 622 p.
300 ## - PHYSICAL DESCRIPTION
Other physical details 24cm
630 ## - SUBJECT ADDED ENTRY--UNIFORM TITLE
Uniform title 657 - Comptabilité
650 ## - SUBJECT ADDED ENTRY--TOPICAL TERM
Topical term or geographic name as entry element 6 - SCIENCES APPLIQUEES
650 ## - SUBJECT ADDED ENTRY--TOPICAL TERM
Topical term or geographic name as entry element Plan comptable SYSCOA
650 ## - SUBJECT ADDED ENTRY--TOPICAL TERM
Topical term or geographic name as entry element Plan comptable SYSCOA : commentaire
700 ## - ADDED ENTRY--PERSONAL NAME
Personal name Corre, Jean
Holdings
Withdrawn status Lost status Damaged status Not for loan Location (home branch) Sublocation or collection (holding branch) Date acquired Koha issues (times borrowed) Koha full call number Koha date last seen Price effective from Koha item type
        Bibliothèque Universitaire Centrale Bibliothèque Universitaire Centrale 28/02/2009   657 EDI 28/02/2009 28/02/2009 Livre


© 2008, Bibliothèques de l'Université d'Abomey-Calavi

04 BP 789 Cotonou, Tél. : +229 21 36 01 01, Fax : +229 21 35 06 32

Courriel : bu@bu.uac.bj